[Event "Blitz 2018"]
[Site "Saint-Petersburg"]
[Date "2018.12.29"]
[Round "7"]
[Board "41"]
[White "Riazantsev Alexander (RUS)"]
[Black "Kabanov Nikolai (RUS)"]
[Result "1-0"]
[LiveChessVersion "1.4.8"]
[BlackElo "2311"]
[WhiteElo "2633"]

1. d4 {[%clk 0:03:03]} Nf6 {[%clk 0:03:03]} 2. c4 {[%clk 0:03:05]} d6
{[%clk 0:03:03]} 3. Nc3 {[%clk 0:03:06]} Nbd7 {[%clk 0:03:04]} 4. e4
{[%clk 0:03:05]} e5 {[%clk 0:03:05]} 5. Nge2 {[%clk 0:02:58]} c6 {[%clk 0:02:54]}
6. g3 {[%clk 0:02:42]} Be7 {[%clk 0:02:46]} 7. Bg2 {[%clk 0:02:43]} a6
{[%clk 0:02:45]} 8. O-O {[%clk 0:02:42]} O-O {[%clk 0:02:24]} 9. h3
{[%clk 0:02:42]} b5 {[%clk 0:02:25]} 10. b3 {[%clk 0:02:29]} Bb7 {[%clk 0:02:18]}
11. Be3 {[%clk 0:02:27]} b4 {[%clk 0:02:14]} 12. dxe5 {[%clk 0:02:14]} bxc3
{[%clk 0:02:08]} 13. exd6 {[%clk 0:02:05]} c2 {[%clk 0:01:53]} 14. Qd2
{[%clk 0:02:07]} Bxd6 {[%clk 0:01:36]} 15. Qxd6 {[%clk 0:02:07]} Re8
{[%clk 0:01:36]} 16. Qd3 {[%clk 0:01:44]} c5 {[%clk 0:01:26]} 17. Nc3
{[%clk 0:01:45]} Qe7 {[%clk 0:01:17]} 18. Nd5 {[%clk 0:01:34]} Bxd5
{[%clk 0:01:06]} 19. exd5 {[%clk 0:01:35]} a5 {[%clk 0:01:00]} 20. d6
{[%clk 0:01:32]} Qe6 {[%clk 0:01:01]} 21. Bxa8 {[%clk 0:01:23]} Rxa8
{[%clk 0:01:03]} 22. Kg2 {[%clk 0:01:15]} Ne5 {[%clk 0:01:02]} 23. Qxc2
{[%clk 0:01:16]} Qxd6 {[%clk 0:01:03]} 24. Rad1 {[%clk 0:01:05]} Qc6+
{[%clk 0:01:03]} 25. f3 {[%clk 0:01:06]} h5 {[%clk 0:00:56]} 26. Bg5
{[%clk 0:00:53]} a4 {[%clk 0:00:56]} 27. Bxf6 {[%clk 0:00:53]} Qxf6
{[%clk 0:00:52]} 28. h4 {[%clk 0:00:51]} axb3 {[%clk 0:00:52]} 29. axb3
{[%clk 0:00:53]} Nc6 {[%clk 0:00:51]} 30. Qe4 {[%clk 0:00:51]} Ra2+
{[%clk 0:00:45]} 31. Rf2 {[%clk 0:00:51]} Rxf2+ {[%clk 0:00:44]} 32. Kxf2
{[%clk 0:00:52]} g6 {[%clk 0:00:38]} 33. Qe3 {[%clk 0:00:45]} Nd4
{[%clk 0:00:38]} 34. b4 {[%clk 0:00:46]} Nc2 {[%clk 0:00:34]} 35. Qe8+
{[%clk 0:00:40]} Kg7 {[%clk 0:00:35]} 36. bxc5 {[%clk 0:00:39]} Qf5
{[%clk 0:00:32]} 37. Rd5 {[%clk 0:00:33]} Qh3 {[%clk 0:00:32]} 38. Qe5+
{[%clk 0:00:34]} Kh7 {[%clk 0:00:33]} 39. g4 {[%clk 0:00:13]} Qxh4+
{[%clk 0:00:34]} 40. Ke2 {[%clk 0:00:12]} hxg4 {[%clk 0:00:30]} 41. Kd2
{[%clk 0:00:13]} Na3 {[%clk 0:00:23]} 42. Qf4 {[%clk 0:00:10]} Qf2+
{[%clk 0:00:23]} 43. Kc3 {[%clk 0:00:10]} Qc2+ {[%clk 0:00:11]} 44. Kb4
{[%clk 0:00:12]} Qb2+ {[%clk 0:00:11]} 45. Ka4 {[%clk 0:00:13]} g3
{[%clk 0:00:06]} 46. Qxf7+ {[%clk 0:00:14]} Qg7 {[%clk 0:00:07]} 47. Qxg7+
{[%clk 0:00:14]} Kxg7 {[%clk 0:00:09]} 48. Kxa3 {[%clk 0:00:15]} Kf6
{[%clk 0:00:10]} 49. c6 {[%clk 0:00:16]} g2 {[%clk 0:00:10]} 50. Rd1
{[%clk 0:00:17]} 1-0

[Event "Blitz 2018"]
[Site "Saint-Petersburg"]
[Date "2018.12.29"]
[Round "7"]
[Board "42"]
[White "Demidov Mikhail (RUS)"]
[Black "Paravyan David (RUS)"]
[Result "1/2-1/2"]
[LiveChessVersion "1.4.8"]
[BlackElo "2629"]
[WhiteElo "2546"]

1. Nf3 {[%clk 0:03:03]} d5 {[%clk 0:03:03]} 2. d4 {[%clk 0:03:04]} Nf6
{[%clk 0:03:02]} 3. Bf4 {[%clk 0:03:06]} c5 {[%clk 0:02:50]} 4. dxc5
{[%clk 0:03:07]} e6 {[%clk 0:02:38]} 5. e3 {[%clk 0:03:08]} Bxc5 {[%clk 0:02:38]}
6. Be2 {[%clk 0:03:10]} O-O {[%clk 0:02:36]} 7. O-O {[%clk 0:03:11]} Nc6 8. c4 d4
{[%clk 0:02:27]} 9. exd4 {[%clk 0:03:14]} Nxd4 {[%clk 0:02:28]} 10. Nc3
{[%clk 0:03:15]} Nxe2+ {[%clk 0:02:17]} 11. Qxe2 {[%clk 0:03:17]} Bd7
{[%clk 0:02:09]} 12. Rfd1 {[%clk 0:03:11]} Qe7 {[%clk 0:01:53]} 13. Bg5
{[%clk 0:03:12]} Bc6 {[%clk 0:01:51]} 14. Ne5 {[%clk 0:03:13]} h6
{[%clk 0:01:41]} 15. Bh4 {[%clk 0:03:04]} Rfd8 {[%clk 0:01:29]} 16. Nxc6
{[%clk 0:02:52]} bxc6 {[%clk 0:01:30]} 17. Ne4 {[%clk 0:02:32]} g5
{[%clk 0:01:31]} 18. Bg3 {[%clk 0:02:33]} Bd4 {[%clk 0:01:20]} 19. Rxd4
{[%clk 0:01:39]} Rxd4 {[%clk 0:01:20]} 20. Nxf6+ {[%clk 0:01:40]} Qxf6
{[%clk 0:01:21]} 21. Be5 {[%clk 0:01:41]} Qd8 {[%clk 0:01:15]} 22. Bxd4
{[%clk 0:01:39]} Qxd4 {[%clk 0:01:16]} 23. Rd1 {[%clk 0:01:40]} Qf6
{[%clk 0:01:17]} 24. Qd2 {[%clk 0:01:32]} a5 {[%clk 0:01:18]} 25. b3
{[%clk 0:01:30]} a4 {[%clk 0:01:12]} 26. b4 {[%clk 0:01:31]} a3 {[%clk 0:01:13]}
27. Rb1 {[%clk 0:00:55]} Rd8 {[%clk 0:01:08]} 28. Qc2 {[%clk 0:00:52]} Qf5
{[%clk 0:01:02]} 29. Qxf5 {[%clk 0:00:27]} exf5 {[%clk 0:01:04]} 30. g3
{[%clk 0:00:16]} Rd2 {[%clk 0:01:04]} 31. Rb3 {[%clk 0:00:09]} Rxa2
{[%clk 0:01:05]} 32. b5 {[%clk 0:00:09]} cxb5 {[%clk 0:00:48]} 33. cxb5
{[%clk 0:00:11]} Kg7 {[%clk 0:00:41]} 34. Kg2 {[%clk 0:00:10]} Rb2
{[%clk 0:00:37]} 35. Rxa3 {[%clk 0:00:09]} Rxb5 {[%clk 0:00:38]} 36. Ra4
{[%clk 0:00:08]} Re5 37. Rb4 Kg6 {[%clk 0:00:39]} 38. Rb6+ {[%clk 0:00:11]} Re6
{[%clk 0:00:40]} 39. Rb4 {[%clk 0:00:12]} Kf6 {[%clk 0:00:39]} 40. Rb8
{[%clk 0:00:13]} Ra6 {[%clk 0:00:39]} 41. Rh8 {[%clk 0:00:12]} Kg7
{[%clk 0:00:40]} 42. Rb8 {[%clk 0:00:15]} Ra4 {[%clk 0:00:41]} 43. Rb6
{[%clk 0:00:15]} Re4 {[%clk 0:00:42]} 44. Ra6 {[%clk 0:00:16]} Rb4
{[%clk 0:00:39]} 45. Ra5 {[%clk 0:00:17]} Kg6 {[%clk 0:00:35]} 46. Ra6+
{[%clk 0:00:18]} f6 {[%clk 0:00:36]} 47. Ra8 {[%clk 0:00:19]} h5 {[%clk 0:00:26]}
48. h3 {[%clk 0:00:18]} h4 {[%clk 0:00:25]} 49. gxh4 {[%clk 0:00:19]} Rxh4
{[%clk 0:00:25]} 50. Rg8+ {[%clk 0:00:17]} Kf7 {[%clk 0:00:26]} 51. Ra8
{[%clk 0:00:18]} Re4 {[%clk 0:00:27]} 52. Ra7+ {[%clk 0:00:19]} Kg6
{[%clk 0:00:28]} 53. Ra8 {[%clk 0:00:19]} Rb4 {[%clk 0:00:25]} 54. Rc8
{[%clk 0:00:20]} Rb3 {[%clk 0:00:22]} 55. Rg8+ {[%clk 0:00:20]} Kf7
{[%clk 0:00:23]} 56. Ra8 {[%clk 0:00:21]} Rb4 57. Rc8 Ke6 {[%clk 0:00:15]} 58.
Re8+ {[%clk 0:00:21]} Kd5 {[%clk 0:00:15]} 59. Rd8+ {[%clk 0:00:20]} Ke5
{[%clk 0:00:16]} 60. Re8+ {[%clk 0:00:21]} Kf4 {[%clk 0:00:17]} 61. Re6
{[%clk 0:00:20]} Rb5 {[%clk 0:00:09]} 1/2-1/2

[Event "Blitz 2018"]
[Site "Saint-Petersburg"]
[Date "2018.12.29"]
[Round "7"]
[Board "43"]
[White "Vokhidov Shamsiddin (UZB)"]
[Black "Amin Bassem (EGY)"]
[Result "0-1"]
[LiveChessVersion "1.4.8"]
[BlackElo "2659"]
[WhiteElo "2414"]

1. e4 {[%clk 0:03:03]} e5 {[%clk 0:03:03]} 2. Nf3 {[%clk 0:03:04]} Nc6
{[%clk 0:03:05]} 3. Bc4 {[%clk 0:03:05]} Nf6 {[%clk 0:03:06]} 4. d3
{[%clk 0:03:06]} h6 {[%clk 0:03:07]} 5. c3 {[%clk 0:03:07]} d6 {[%clk 0:03:07]}
6. O-O {[%clk 0:03:07]} g6 {[%clk 0:03:09]} 7. Re1 {[%clk 0:03:06]} Bg7
{[%clk 0:03:10]} 8. a4 {[%clk 0:03:02]} O-O {[%clk 0:03:08]} 9. Nbd2
{[%clk 0:03:03]} Kh7 {[%clk 0:02:29]} 10. Nf1 {[%clk 0:03:03]} Nh5
{[%clk 0:02:30]} 11. h3 {[%clk 0:02:57]} Qe8 {[%clk 0:02:26]} 12. d4
{[%clk 0:02:55]} f5 {[%clk 0:02:25]} 13. exf5 {[%clk 0:02:51]} gxf5
{[%clk 0:02:26]} 14. dxe5 {[%clk 0:02:41]} Nxe5 {[%clk 0:02:13]} 15. Be2
{[%clk 0:02:23]} Nf6 {[%clk 0:02:06]} 16. Ng3 {[%clk 0:02:22]} Bd7
{[%clk 0:02:00]} 17. Bf4 {[%clk 0:02:13]} Ne4 {[%clk 0:01:55]} 18. Qc2
{[%clk 0:02:08]} Ng6 {[%clk 0:01:42]} 19. Nh5 {[%clk 0:01:47]} Nxf4
{[%clk 0:01:37]} 20. Nxf4 {[%clk 0:01:48]} c6 {[%clk 0:01:36]} 21. Bd3
{[%clk 0:01:42]} d5 {[%clk 0:01:37]} 22. c4 {[%clk 0:01:39]} Qf7 {[%clk 0:01:31]}
23. Qb3 {[%clk 0:01:32]} Nc5 {[%clk 0:01:24]} 24. Qc2 {[%clk 0:01:27]} Ne4
{[%clk 0:01:24]} 25. Qb3 {[%clk 0:01:19]} Rad8 {[%clk 0:00:58]} 26. cxd5
{[%clk 0:01:19]} cxd5 {[%clk 0:01:00]} 27. Qxb7 {[%clk 0:01:04]} Rb8
{[%clk 0:00:35]} 28. Qxd5 {[%clk 0:01:05]} Qxd5 {[%clk 0:00:36]} 29. Nxd5
{[%clk 0:01:06]} Rxb2 {[%clk 0:00:37]} 30. Rab1 {[%clk 0:00:54]} Nxf2
{[%clk 0:00:29]} 31. Rxb2 {[%clk 0:00:43]} Nxd3 {[%clk 0:00:30]} 32. Re7
{[%clk 0:00:30]} Nxb2 {[%clk 0:00:16]} 33. Rxd7 {[%clk 0:00:31]} a5
{[%clk 0:00:15]} 34. Nf4 {[%clk 0:00:27]} Kg8 {[%clk 0:00:10]} 35. Rd5
{[%clk 0:00:20]} Bc3 {[%clk 0:00:08]} 36. Ng6 {[%clk 0:00:13]} Rf7
{[%clk 0:00:08]} 37. Nge5 {[%clk 0:00:12]} Rc7 {[%clk 0:00:08]} 38. Nd3
{[%clk 0:00:10]} Nxa4 {[%clk 0:00:06]} 39. Rxf5 {[%clk 0:00:10]} Nb6
{[%clk 0:00:06]} 40. Rb5 {[%clk 0:00:11]} Nc4 {[%clk 0:00:07]} 41. Rc5
{[%clk 0:00:10]} Rxc5 {[%clk 0:00:07]} 42. Nxc5 {[%clk 0:00:11]} Nb6
{[%clk 0:00:06]} 43. Kf1 {[%clk 0:00:09]} a4 {[%clk 0:00:08]} 44. Nxa4
{[%clk 0:00:07]} Nxa4 {[%clk 0:00:09]} 45. g4 {[%clk 0:00:08]} Nc5
{[%clk 0:00:09]} 46. Kg2 {[%clk 0:00:08]} Kf7 {[%clk 0:00:10]} 47. h4
{[%clk 0:00:08]} Ne4 {[%clk 0:00:10]} 48. Nh2 {[%clk 0:00:05]} Ke6
{[%clk 0:00:10]} 49. Kf3 {[%clk 0:00:05]} Ke5 {[%clk 0:00:11]} 50. Nf1
{[%clk 0:00:05]} Be1 {[%clk 0:00:11]} 51. Ne3 {[%clk 0:00:06]} Bxh4
{[%clk 0:00:10]} 52. Nc4+ {[%clk 0:00:05]} Kd4 {[%clk 0:00:11]} 53. Ne3
{[%clk 0:00:04]} Bg5 {[%clk 0:00:10]} 54. Nf5+ {[%clk 0:00:04]} Ke5
{[%clk 0:00:12]} 55. Ne3 {[%clk 0:00:04]} Bxe3 {[%clk 0:00:09]} 56. Kxe3
{[%clk 0:00:05]} Ng5 {[%clk 0:00:10]} 57. Kd4+ 0-1

[Event "Blitz 2018"]
[Site "Saint-Petersburg"]
[Date "2018.12.29"]
[Round "7"]
[Board "44"]
[White "Sjugirov Sanan (RUS)"]
[Black "Maslak Konstantin (RUS)"]
[Result "1-0"]
[LiveChessVersion "1.4.8"]
[BlackElo "2537"]
[WhiteElo "2748"]

1. d4 {[%clk 0:03:03]} d6 {[%clk 0:03:02]} 2. e4 {[%clk 0:02:58]} Nf6
{[%clk 0:03:02]} 3. Nc3 {[%clk 0:02:59]} e5 {[%clk 0:03:04]} 4. Nf3
{[%clk 0:02:59]} Nbd7 {[%clk 0:03:05]} 5. Bc4 {[%clk 0:03:00]} Be7
{[%clk 0:03:06]} 6. O-O {[%clk 0:03:00]} O-O {[%clk 0:03:06]} 7. a4
{[%clk 0:02:57]} c6 {[%clk 0:03:06]} 8. Re1 {[%clk 0:02:44]} b6 {[%clk 0:03:01]}
9. h3 {[%clk 0:02:37]} Bb7 {[%clk 0:03:00]} 10. Ba2 {[%clk 0:02:33]} a6
{[%clk 0:02:56]} 11. Be3 {[%clk 0:02:29]} b5 {[%clk 0:02:53]} 12. axb5
{[%clk 0:02:31]} axb5 {[%clk 0:02:54]} 13. b4 {[%clk 0:02:31]} Qc7
{[%clk 0:02:40]} 14. Qd3 {[%clk 0:02:17]} Rad8 {[%clk 0:02:16]} 15. Bb3
{[%clk 0:02:14]} Qb8 {[%clk 0:01:56]} 16. Red1 {[%clk 0:02:08]} h6
{[%clk 0:01:46]} 17. Qe2 {[%clk 0:02:03]} Rfe8 {[%clk 0:01:24]} 18. d5
{[%clk 0:01:38]} cxd5 {[%clk 0:01:05]} 19. Nxd5 {[%clk 0:01:39]} Bxd5
{[%clk 0:00:52]} 20. Bxd5 {[%clk 0:01:40]} Rc8 {[%clk 0:00:27]} 21. Ra5
{[%clk 0:01:24]} Nxd5 {[%clk 0:00:17]} 22. Rxd5 {[%clk 0:01:25]} Nf6
{[%clk 0:00:15]} 23. Rdxb5 {[%clk 0:01:26]} Qc7 {[%clk 0:00:16]} 24. Ra7
{[%clk 0:01:08]} Qxc2 {[%clk 0:00:14]} 25. Qxc2 {[%clk 0:01:09]} Rxc2
{[%clk 0:00:15]} 26. Rbb7 {[%clk 0:01:07]} Kf8 {[%clk 0:00:12]} 27. b5
{[%clk 0:01:00]} Nxe4 {[%clk 0:00:09]} 28. b6 {[%clk 0:01:01]} Rb2
{[%clk 0:00:08]} 29. Rc7 {[%clk 0:00:54]} Nf6 {[%clk 0:00:06]} 30. b7
{[%clk 0:00:52]} Nd5 {[%clk 0:00:07]} 31. Rc8 {[%clk 0:00:53]} Nxe3
{[%clk 0:00:05]} 32. fxe3 {[%clk 0:00:51]} f5 {[%clk 0:00:04]} 33. Rxe8+
{[%clk 0:00:44]} Kxe8 {[%clk 0:00:05]} 34. Ra8+ {[%clk 0:00:45]} 1-0

[Event "Blitz 2018"]
[Site "Saint-Petersburg"]
[Date "2018.12.29"]
[Round "7"]
[Board "45"]
[White "Jones Gawain C B (ENG)"]
[Black "Tukhaev Adam (UKR)"]
[Result "1-0"]
[LiveChessVersion "1.4.8"]
[BlackElo "2529"]
[WhiteElo "2722"]

1. e4 {[%clk 0:03:03]} d6 {[%clk 0:03:03]} 2. d4 {[%clk 0:03:04]} Nf6
{[%clk 0:03:04]} 3. Nc3 {[%clk 0:03:05]} g6 {[%clk 0:03:05]} 4. Be3
{[%clk 0:03:05]} a6 {[%clk 0:03:06]} 5. h3 {[%clk 0:03:04]} b5 {[%clk 0:02:58]}
6. e5 {[%clk 0:03:00]} Nfd7 {[%clk 0:02:54]} 7. Qf3 {[%clk 0:02:54]} Ra7
{[%clk 0:02:47]} 8. O-O-O {[%clk 0:02:37]} Bb7 {[%clk 0:02:45]} 9. Qg3
{[%clk 0:02:33]} b4 {[%clk 0:01:59]} 10. Na4 {[%clk 0:02:22]} Ra8
{[%clk 0:01:17]} 11. Bc4 {[%clk 0:02:14]} e6 {[%clk 0:01:12]} 12. Nf3
{[%clk 0:02:07]} d5 {[%clk 0:01:08]} 13. Bb3 {[%clk 0:02:04]} Bc6
{[%clk 0:00:46]} 14. h4 {[%clk 0:01:54]} h5 {[%clk 0:00:47]} 15. Qf4
{[%clk 0:01:42]} Bh6 {[%clk 0:00:38]} 16. Ng5 {[%clk 0:01:43]} Bxg5
{[%clk 0:00:34]} 17. hxg5 {[%clk 0:01:43]} Nb6 {[%clk 0:00:17]} 18. Nxb6
{[%clk 0:01:30]} cxb6 {[%clk 0:00:17]} 19. Bd2 {[%clk 0:01:25]} a5
{[%clk 0:00:19]} 20. c3 {[%clk 0:01:26]} bxc3 {[%clk 0:00:15]} 21. Bxc3
{[%clk 0:01:27]} b5 {[%clk 0:00:16]} 22. Kb1 {[%clk 0:01:16]} b4 {[%clk 0:00:17]}
23. Bd2 {[%clk 0:01:17]} Bb5 {[%clk 0:00:16]} 24. Qf6 {[%clk 0:01:14]} Qxf6
{[%clk 0:00:10]} 25. gxf6 {[%clk 0:01:14]} Nc6 {[%clk 0:00:10]} 26. Be3
{[%clk 0:01:12]} Kd7 {[%clk 0:00:11]} 27. Rc1 {[%clk 0:01:12]} a4
{[%clk 0:00:13]} 28. Bd1 {[%clk 0:01:08]} Bd3+ {[%clk 0:00:12]} 29. Ka1
{[%clk 0:01:08]} b3 {[%clk 0:00:09]} 30. a3 {[%clk 0:01:06]} Na5 {[%clk 0:00:10]}
31. Rc3 {[%clk 0:01:06]} Bc4 {[%clk 0:00:08]} 32. Bf3 {[%clk 0:00:54]} Rac8
{[%clk 0:00:09]} 33. Kb1 {[%clk 0:00:49]} Nc6 {[%clk 0:00:11]} 34. Kc1
{[%clk 0:00:49]} Na7 {[%clk 0:00:11]} 35. Kd2 {[%clk 0:00:48]} Nb5
{[%clk 0:00:13]} 36. Rcc1 Nc7 {[%clk 0:00:09]} 37. Rc3 {[%clk 0:00:45]} Na8
{[%clk 0:00:10]} 38. Bg5 {[%clk 0:00:43]} Nb6 {[%clk 0:00:12]} 39. Rhc1
{[%clk 0:00:41]} Ba6 {[%clk 0:00:12]} 40. Rxc8 {[%clk 0:00:40]} Rxc8
{[%clk 0:00:14]} 41. Rxc8 {[%clk 0:00:41]} Kxc8 {[%clk 0:00:14]} 42. Kc3
{[%clk 0:00:42]} Kb7 {[%clk 0:00:14]} 43. Kb4 {[%clk 0:00:41]} Kc6
{[%clk 0:00:15]} 44. Bc1 {[%clk 0:00:38]} Bd3 {[%clk 0:00:16]} 45. Bd1
{[%clk 0:00:35]} Bc4 {[%clk 0:00:16]} 46. Bg5 {[%clk 0:00:34]} Bf1
{[%clk 0:00:17]} 47. g3 {[%clk 0:00:35]} Bd3 {[%clk 0:00:18]} 48. f3
{[%clk 0:00:30]} Bb5 {[%clk 0:00:19]} 49. g4 {[%clk 0:00:31]} hxg4
{[%clk 0:00:20]} 50. fxg4 {[%clk 0:00:32]} Nc4 {[%clk 0:00:21]} 51. Bc1
{[%clk 0:00:32]} Nb6 {[%clk 0:00:21]} 52. Kc3 {[%clk 0:00:32]} Bf1
{[%clk 0:00:21]} 53. Kd2 {[%clk 0:00:32]} Ba6 {[%clk 0:00:22]} 54. Ke3
{[%clk 0:00:33]} Bf1 {[%clk 0:00:21]} 55. Kf4 {[%clk 0:00:35]} Nc4
{[%clk 0:00:22]} 56. Kg5 {[%clk 0:00:35]} Kd7 {[%clk 0:00:23]} 57. Kh6
{[%clk 0:00:36]} Ke8 {[%clk 0:00:25]} 58. Kg7 {[%clk 0:00:35]} Bd3
{[%clk 0:00:25]} 59. Bf3 {[%clk 0:00:32]} Bf1 {[%clk 0:00:26]} 60. Bxd5
{[%clk 0:00:23]} exd5 {[%clk 0:00:24]} 61. e6 {[%clk 0:00:24]} Nd6
{[%clk 0:00:22]} 62. Bf4 {[%clk 0:00:26]} 1-0

[Event "Blitz 2018"]
[Site "Saint-Petersburg"]
[Date "2018.12.29"]
[Round "7"]
[Board "46"]
[White "Khismatullin Denis (RUS)"]
[Black "Anisimov Pavel (RUS)"]
[Result "1-0"]
[LiveChessVersion "1.4.8"]
[BlackElo "2519"]
[WhiteElo "2674"]

1. b3 {[%clk 0:03:03]} e5 {[%clk 0:02:56]} 2. Bb2 {[%clk 0:03:03]} Nc6
{[%clk 0:02:57]} 3. e3 {[%clk 0:03:04]} Nf6 {[%clk 0:02:54]} 4. c4
{[%clk 0:03:05]} a6 {[%clk 0:02:39]} 5. Nf3 {[%clk 0:02:57]} d6 {[%clk 0:02:17]}
6. Nc3 {[%clk 0:02:53]} g6 {[%clk 0:02:14]} 7. d4 {[%clk 0:02:53]} exd4
{[%clk 0:01:58]} 8. Nxd4 {[%clk 0:02:52]} Ne5 {[%clk 0:01:48]} 9. f4
{[%clk 0:02:38]} Ned7 {[%clk 0:01:41]} 10. g4 {[%clk 0:02:36]} h6
{[%clk 0:01:14]} 11. Bg2 {[%clk 0:02:35]} Bg7 {[%clk 0:01:14]} 12. O-O
{[%clk 0:02:02]} O-O {[%clk 0:01:08]} 13. h3 {[%clk 0:01:59]} Re8
{[%clk 0:01:08]} 14. Re1 {[%clk 0:01:55]} Nc5 {[%clk 0:01:08]} 15. Qc2
{[%clk 0:01:53]} a5 {[%clk 0:01:02]} 16. Rad1 {[%clk 0:01:45]} c6
{[%clk 0:01:00]} 17. Kh1 {[%clk 0:00:48]} Qe7 {[%clk 0:01:01]} 18. e4
{[%clk 0:00:40]} Qc7 {[%clk 0:01:00]} 19. Ndb5 {[%clk 0:00:29]} cxb5
{[%clk 0:00:57]} 20. Nxb5 {[%clk 0:00:30]} Qb6 {[%clk 0:00:51]} 21. Rxd6
{[%clk 0:00:25]} Qxd6 {[%clk 0:00:42]} 22. Nxd6 {[%clk 0:00:27]} Rd8
{[%clk 0:00:37]} 23. e5 {[%clk 0:00:21]} Ne8 {[%clk 0:00:34]} 24. Ba3
{[%clk 0:00:17]} Ne6 {[%clk 0:00:29]} 25. f5 {[%clk 0:00:15]} gxf5
{[%clk 0:00:21]} 26. gxf5 {[%clk 0:00:15]} Nd4 {[%clk 0:00:22]} 27. Qf2
{[%clk 0:00:11]} Nxd6 {[%clk 0:00:18]} 28. Qxd4 {[%clk 0:00:10]} 1-0

[Event "Blitz 2018"]
[Site "Saint-Petersburg"]
[Date "2018.12.29"]
[Round "7"]
[Board "47"]
[White "Potapov Pavel (RUS)"]
[Black "Zvjaginsev Vadim (RUS)"]
[Result "0-1"]
[LiveChessVersion "1.4.8"]
[BlackElo "2649"]
[WhiteElo "2542"]

1. e4 {[%clk 0:03:03]} c5 {[%clk 0:03:04]} 2. c3 {[%clk 0:03:03]} e6
{[%clk 0:03:05]} 3. d4 {[%clk 0:03:02]} d5 {[%clk 0:03:06]} 4. e5
{[%clk 0:03:02]} Ne7 {[%clk 0:03:06]} 5. Nf3 {[%clk 0:03:01]} Nec6
{[%clk 0:03:07]} 6. Bd3 {[%clk 0:02:54]} b6 {[%clk 0:03:07]} 7. O-O
{[%clk 0:02:53]} Ba6 {[%clk 0:03:01]} 8. Bxa6 {[%clk 0:02:51]} Nxa6
{[%clk 0:03:02]} 9. Be3 {[%clk 0:02:50]} Be7 {[%clk 0:02:58]} 10. Re1
{[%clk 0:02:48]} Rc8 {[%clk 0:02:54]} 11. Nbd2 {[%clk 0:02:46]} O-O
{[%clk 0:02:50]} 12. Nf1 {[%clk 0:02:46]} b5 {[%clk 0:02:38]} 13. a3
{[%clk 0:02:32]} cxd4 {[%clk 0:02:36]} 14. Bxd4 {[%clk 0:02:29]} Nc5
{[%clk 0:02:32]} 15. Ng3 {[%clk 0:02:27]} a5 {[%clk 0:02:31]} 16. Nh5
{[%clk 0:01:52]} Ne4 {[%clk 0:02:22]} 17. Qd3 {[%clk 0:01:44]} b4
{[%clk 0:02:19]} 18. axb4 {[%clk 0:01:37]} axb4 {[%clk 0:02:20]} 19. Ng3
{[%clk 0:01:23]} Nxd4 {[%clk 0:02:09]} 20. cxd4 {[%clk 0:01:14]} Nxg3
{[%clk 0:02:06]} 21. hxg3 {[%clk 0:01:13]} Qc7 {[%clk 0:02:05]} 22. Kf1
{[%clk 0:00:49]} Rfe8 {[%clk 0:01:19]} 23. g4 {[%clk 0:00:49]} h6
{[%clk 0:01:19]} 24. g3 {[%clk 0:00:47]} Qc2 {[%clk 0:01:09]} 25. Qxc2
{[%clk 0:00:28]} Rxc2 {[%clk 0:01:10]} 26. Re2 {[%clk 0:00:29]} Rec8
{[%clk 0:01:11]} 27. Ne1 {[%clk 0:00:24]} Rc1 {[%clk 0:01:06]} 28. Rxc1
{[%clk 0:00:15]} Rxc1 {[%clk 0:01:06]} 29. Re3 {[%clk 0:00:16]} Bg5
{[%clk 0:00:41]} 30. f4 {[%clk 0:00:17]} Bd8 {[%clk 0:00:39]} 31. Ke2
{[%clk 0:00:16]} Bb6 {[%clk 0:00:38]} 32. Rd3 {[%clk 0:00:17]} Rb1
{[%clk 0:00:38]} 33. Rd2 {[%clk 0:00:12]} b3 {[%clk 0:00:39]} 34. Kf1
{[%clk 0:00:04]} Ba5 {[%clk 0:00:37]} 35. Re2 {[%clk 0:00:05]} g5
{[%clk 0:00:27]} 36. f5 {[%clk 0:00:06]} Bxe1 {[%clk 0:00:22]} 37. Rxe1
{[%clk 0:00:07]} Rxb2 {[%clk 0:00:23]} 38. Re3 {[%clk 0:00:05]} Kg7
{[%clk 0:00:15]} 39. Rc3 {[%clk 0:00:05]} h5 {[%clk 0:00:14]} 40. gxh5
{[%clk 0:00:05]} exf5 {[%clk 0:00:15]} 41. Rc7 {[%clk 0:00:06]} Rc2
{[%clk 0:00:12]} 42. Rb7 {[%clk 0:00:07]} b2 {[%clk 0:00:14]} 43. e6
{[%clk 0:00:08]} Kf8 {[%clk 0:00:10]} 44. h6 {[%clk 0:00:09]} fxe6
{[%clk 0:00:07]} 45. h7 {[%clk 0:00:10]} Rh2 {[%clk 0:00:08]} 46. Rxb2
{[%clk 0:00:11]} Rxh7 {[%clk 0:00:09]} 47. Rb6 {[%clk 0:00:12]} Kf7
{[%clk 0:00:10]} 48. Kf2 {[%clk 0:00:13]} Kf6 {[%clk 0:00:11]} 49. Rb8
{[%clk 0:00:14]} Ra7 {[%clk 0:00:12]} 50. Rf8+ {[%clk 0:00:14]} Kg7
{[%clk 0:00:13]} 51. Re8 {[%clk 0:00:15]} Kf7 {[%clk 0:00:15]} 52. Rh8
{[%clk 0:00:16]} Ra2+ {[%clk 0:00:15]} 53. Ke3 {[%clk 0:00:16]} Ra3+
{[%clk 0:00:17]} 54. Kf2 {[%clk 0:00:17]} Rd3 {[%clk 0:00:18]} 55. Rh7+
{[%clk 0:00:18]} Kg6 {[%clk 0:00:19]} 56. Re7 {[%clk 0:00:17]} Kf6
{[%clk 0:00:20]} 0-1